Yuvraj sing Athijeevanathinde 6 sixarukal (Record no. 136668)

MARC details
000 -LEADER
fixed length control field 00489nam a22001817a 4500
003 - CONTROL NUMBER IDENTIFIER
control field OSt
005 - DATE AND TIME OF LATEST TRANSACTION
control field 20250225112406.0
008 - FIXED-LENGTH DATA ELEMENTS--GENERAL INFORMATION
fixed length control field 250225b |||||||| |||| 00| 0 eng d
020 ## - INTERNATIONAL STANDARD BOOK NUMBER
International Standard Book Number 978-81-8802-143-7
040 ## - CATALOGING SOURCE
Transcribing agency SBCL
082 ## - DEWEY DECIMAL CLASSIFICATION NUMBER
Classification number 920.9
Item number ABI-Y
100 ## - MAIN ENTRY--PERSONAL NAME
Personal name Abin,M.D
245 ## - TITLE STATEMENT
Title Yuvraj sing Athijeevanathinde 6 sixarukal
260 ## - PUBLICATION, DISTRIBUTION, ETC.
Place of publication, distribution, etc. Kozhikode
Name of publisher, distributor, etc. LIPI publications
Date of publication, distribution, etc. 2018
300 ## - PHYSICAL DESCRIPTION
Extent 71p.
650 ## - SUBJECT ADDED ENTRY--TOPICAL TERM
Topical term or geographic name entry element Biography, genealogy & insignia
942 ## - ADDED ENTRY ELEMENTS (KOHA)
Koha item type BOOK
650 ## - SUBJECT ADDED ENTRY--TOPICAL TERM
Source of heading or term History & geography
Holdings
Withdrawn status Lost status Source of classification or shelving scheme Damaged status Not for loan Home library Current library Date acquired Total Checkouts Full call number Barcode Shelving location Date last seen Cost, replacement price Price effective from Koha item type
    Dewey Decimal Classification     SB LIBRARY SB LIBRARY 25/02/2025   920.9 ABI-Y 142587 GENERAL STACK 25/02/2025 70.00 25/02/2025 BOOK

Powered by Koha